| 000 | 01297cam a2200325 a 4500 | ||
|---|---|---|---|
| 001 | 15528085 | ||
| 003 | EG-ScBUE | ||
| 005 | 20220308100237.0 | ||
| 008 | 081119s2007 enk f b 001 f eng d | ||
| 020 | _a9780141032436 | ||
| 035 | _a(OCoLC)ocn276141899 | ||
| 040 |
_aDLC _beng _erda _cDLC _dYDXCP _dYDX _dC#P _dBTCTA _dDLC _dEG-ScBUE |
||
| 082 | 0 | 4 |
_a863 _222 _bGAR |
| 100 | 1 |
_915514 _aGarcía Márquez, Gabriel, _d1927-2014, _eauthor. |
|
| 245 | 0 | 0 |
_aOne hundred years of solitude / _cGabriel Garcia Marquez ; translated from the Spanish by Gregory Rabassa. |
| 264 | 1 |
_aLondon : _bPenguin Books, _c2007. |
|
| 300 |
_a422 pages ; _c25 cm |
||
| 336 |
_2rdacontent _atext _btxt |
||
| 337 |
_2rdamedia _aunmediated _bn |
||
| 338 |
_2rdacarrier _avolume _bnc |
||
| 504 | _aIncludes bibliographical references and index. | ||
| 546 | _aText in English ; translated from the Spanish. | ||
| 650 | 7 |
_aMacondo (Imaginary place) _vFiction. _2BUEsh |
|
| 651 | 7 |
_aLatin America _xSocial conditions _vFiction. _2BUEsh _939156 |
|
| 653 |
_cMay2011 _bHHUUEENN |
||
| 655 |
_vReading book _934232 |
||
| 700 | 1 |
_aRabassa, Gregory, _etranslator. _924161 |
|
| 942 |
_2ddc _cBB |
||
| 999 |
_c15409 _d15409 |
||